000 00344nam a2200121Ia 4500
005 20251222152710.0
008 251222s9999||||xx |||||||||||||| ||spa||
020 _a1565180003
082 _a150/M34
100 _aMclean, George F.
245 0 _aPhilosophical Foundations for Moral Education and Character Development Act and Agent
942 _cLIB
999 _c29181
_d29181